Fish cookbook : how to buy, prepare and cook the best sustainable fish and seafood from around the world : 300 classic and contemporary recipes / (Record no. 993)

MARC details
000 -LEADER
fixed length control field 00673nam a2200205 4500
003 - CONTROL NUMBER IDENTIFIER
control field OSt
005 - DATE AND TIME OF LATEST TRANSACTION
control field 20240620064023.0
008 - FIXED-LENGTH DATA ELEMENTS--GENERAL INFORMATION
fixed length control field 240620b |||||||| |||| 00| 0 eng d
020 ## - INTERNATIONAL STANDARD BOOK NUMBER
International Standard Book Number 9781405359122
040 ## - CATALOGING SOURCE
Original cataloging agency DWCL-HMN lib.
Transcribing agency OC
082 ## - DEWEY DECIMAL CLASSIFICATION NUMBER
Classification number GR. 641.692 F532c 2011
006 - FIXED-LENGTH DATA ELEMENTS--ADDITIONAL MATERIAL CHARACTERISTICS
fixed length control field a
245 ## - TITLE STATEMENT
Title Fish cookbook : how to buy, prepare and cook the best sustainable fish and seafood from around the world : 300 classic and contemporary recipes /
260 ## - PUBLICATION, DISTRIBUTION, ETC.
Place of publication, distribution, etc. London :
Name of publisher, distributor, etc. Dorling Kindersley,
Date of publication, distribution, etc. c2011.
300 ## - PHYSICAL DESCRIPTION
Other physical details 400 p. : col. ill. ;
Dimensions 27 cm.
504 ## - BIBLIOGRAPHY, ETC. NOTE
Bibliography, etc. note Includes index.
650 ## - SUBJECT ADDED ENTRY--TOPICAL TERM
Topical term or geographic name entry element 1. Cooking (Fish).
700 ## - ADDED ENTRY--PERSONAL NAME
Personal name editor-in-chief CJ Jackson
942 ## - ADDED ENTRY ELEMENTS (KOHA)
Source of classification or shelving scheme Dewey Decimal Classification
Suppress in OPAC No
Koha item type General Reference
Call number prefix GR.
Holdings
Withdrawn status Lost status Source of classification or shelving scheme Damaged status Not for loan Home library Current library Date acquired Source of acquisition Total Checkouts Full call number Barcode Date last seen Copy number Price effective from Koha item type Uniform Resource Identifier
    Dewey Decimal Classification     HM & Nursing Library HM & Nursing Library 08/31/2012 School Fund   GR. 641.692 F532c 2011 49554 06/20/2024 c1 06/20/2024 General Reference